000 00209nam a22000857a 4500
008 160916b xxu||||| |||| 00| 0 eng d
100 _9557
_aGoscinny R
245 _aCleopatra
260 _aUSA
_bOrion publication
_c2004
999 _c3214
_d3214